Phê bình, bình luận văn học: Lê Quý Đôn, Nguyễn Dữ, Mạc Thiên Tích, Phạm Nguyễn Du, Ngô Thì Sĩ
Sách tuyển chọn và trích dẫn những bài phê bình, bình luận văn học của các nhà văn và các nhà nghiên cứu văn học Việt Nam
Αποθηκεύτηκε σε:
| Κύριος συγγραφέας: | |
|---|---|
| Μορφή: | Βιβλίο |
| Γλώσσα: | Undetermined |
| Έκδοση: |
Tp. HCM
Văn Nghệ
1998
|
| Θέματα: | |
| Ετικέτες: |
Προσθήκη ετικέτας
Δεν υπάρχουν, Καταχωρήστε ετικέτα πρώτοι!
|
| Thư viện lưu trữ: | Trung tâm Học liệu Trường Đại học Cần Thơ |
|---|
| LEADER | 00802nam a2200181Ia 4500 | ||
|---|---|---|---|
| 001 | CTU_29719 | ||
| 008 | 210402s9999 xx 000 0 und d | ||
| 082 | |a 809 | ||
| 082 | |b Ph250lq | ||
| 100 | |a Vũ Tiến Quỳnh | ||
| 245 | 0 | |a Phê bình, bình luận văn học: Lê Quý Đôn, Nguyễn Dữ, Mạc Thiên Tích, Phạm Nguyễn Du, Ngô Thì Sĩ | |
| 245 | 0 | |c Vũ Tiến Quỳnh | |
| 260 | |a Tp. HCM | ||
| 260 | |b Văn Nghệ | ||
| 260 | |c 1998 | ||
| 520 | |a Sách tuyển chọn và trích dẫn những bài phê bình, bình luận văn học của các nhà văn và các nhà nghiên cứu văn học Việt Nam | ||
| 650 | |a vietnamese literature - history and criticism | ||
| 980 | |a Trung tâm Học liệu Trường Đại học Cần Thơ | ||